| 000 | 01262cam a2200301La 4500 | ||
|---|---|---|---|
| 020 | _a0585119740 (electronic bk.) | ||
| 020 | _a9780585119748 (electronic bk.) | ||
| 040 | _cN$T | ||
| 082 | 0 | 4 | _a333 UNT 1995 A107 Or. |
| 100 | 1 | _aBrookfield, H. C | |
| 245 | 1 | 0 |
_aIn place of the forest _benvironmental and socio-economic transformation in Borneo and the eastern Malay Peninsula / |
| 246 | 3 | _aEnvironmental and socio-economic transformation in Borneo and the eastern Malay Peninsula | |
| 260 |
_aTokyo : _bUnited Nations University Press, _cc1995 |
||
| 300 |
_a1 online resource (xiv, 310 p.) : _bmaps |
||
| 490 | 1 | _aUNU studies on critical environmental regions | |
| 500 | _a"UNUP-893"--T.p. verso | ||
| 650 | 0 | _aDeforestation | |
| 650 | 0 | _aEnvironmental degradation | |
| 650 | 0 | _aDeforestation | |
| 650 | 0 | _aEnvironmental degradation | |
| 650 | 0 | _aElectronic books. | |
| 700 | 1 | _aByron, Yvonne, | |
| 700 | 1 | _aPotter, Lesley M | |
| 710 | 2 | _aOhio Library and Information Network | |
| 856 | 4 | 0 | _uhttp://search.ebscohost.com/login.aspx?direct=true&scope=site&db=nlebk&db=nlabk&AN=20560 |
| 856 | 4 | 0 | _uhttp://proxy.ohiolink.edu:9099/login?url=http://search.ebscohost.com/login.aspx?direct=true&scope=site&db=nlebk&db=nlabk&AN=20560 |
| 942 | _cEK | ||
| 999 |
_c16761 _d16761 |
||